000 01104nam a2200277 a 4500
001 53861
003 BD-RjUL
005 20211209080031.0
008 161027s1989 bg ||||| |||| 00| 0 ben d
020 _c: TK 100.00
035 _a(BD-RjUL)53983
040 _aBD-RjUL
_bben
_cBD-RjUL
041 _aben
082 _223
_a519.5
_bWOP 1989
100 _aওনাকট, টি. এইচ.
_9160885
245 1 0 _aপরিসংখ্যান পরিচিতি /
_cটি. এইচ. ওনাকট; আর. জে. ওনাকট
250 _a১ম সং.
260 _aঢাকা :
_bবাংলা একাডেমী,
_c১৯৮৯
300 _a৩১২ পৃ. :
_bচিত্র ;
_c২৩ সেমি.
505 0 _aখণ্ড ১. Introductory Statistics -- খণ্ড ২ --
650 _aগাণিতিক পরিসংখ্যান
_9122882
650 _aMathematical Statistics
_9160886
700 _aওনাকট, আর. জে
_9160887
700 _aরহমান, মতিউর, অনুবাদ
_9160958
942 _2ddc
_cBK
_01
999 _c53861
_d53861